| 000 | 00400nam a2200145Ia 4500 | ||
|---|---|---|---|
| 008 | 240729s9999 xx 000 0 und d | ||
| 022 | _a2576-5299 | ||
| 245 | 0 | _aArab Journal of Basic and Applied Sciences | |
| 260 | _aUnited Kingdom | ||
| 260 | _bTaylor & Francis Group | ||
| 650 | _aScience | ||
| 856 | _uhttps://doaj.org/toc/10c16a8c3f8b4a41a064b7c1e7f8ac27 | ||
| 942 | _2ddc | ||
| 942 | _cDOAJEJ | ||
| 999 |
_c73097 _d73097 |
||
| 945 |
_a1 _bMadushi Gamage _c1 _dMadushi Gamage |
||